000 00601nam a2200217Ia 4500
005 20250326144139.0
008 250326s9999 xx 000 0 und d
020 _a0-7619-2619-2674-7
037 _aTextbook
040 _aFMSL
_beng
_cFMSL
041 _aeng
_2eng
084 _aL:5k P4
_qFMSL
100 _aStahl M J
_9744329
245 0 _aEncyclopaedia of healthcare management
_cStahl M J
260 _aNew Delhi
_bNew Delhi, SAGE
_c2004
300 _a921p
365 _b9016.2000000000007
650 _aHealth Care
_9239808
942 _cTB
_hL:5k P4
999 _c1302562
_d1302562